000 00554 a2200181 4500
003 OSt
005 20231212123445.0
008 231212b |||||||| |||| 00| 0 eng d
020 _a9789355491992
040 _coclc
082 _a894.8128
_bELA/S
100 _aElayidam, Sunil P
_93291
245 _aFriedrich Engels:
_bSahodaryabhavanayude Viplavamoolyam /
_cSunil P. Ilayidom
250 _a1st ed.
260 _aKozhikode:
_bMathrubhumi Books,
_c2022.
300 _a152p.
942 _2ddc
_cBK
_h894.8128
_iELA/S
_k894.8128
_mELA/S
999 _c44078
_d44078